000 00524 a2200181 4500
003 OSt
005 20260307133255.0
008 260306b |||||||| |||| 00| 0 eng d
020 _a9789356430853
040 _coclc
082 _a894.812301
_bSRE/M
100 1 _aŚr̲īvatsan, Ṭi.,
_d1971-
_98185
245 _aMUPPATHU KATHAKAL /
_cSREEVALSAN T
250 _a2nd Ed.
260 _aKottayam:
_bD DC Books.
_c2023,
300 _a320 pages
942 _2ddc
_cBK
_h894.812301
_iSRE/M
_k894.812301
_mSRE/M
999 _c44657
_d44657